| 000 | 00732nam a2200241 i 4500 | ||
|---|---|---|---|
| 001 | bg | ||
| 100 | 1 |
_aSALWA, Zbigniew _d(1926- ) |
|
| 245 | 1 | 0 |
_aPrawo pracy i ubezpieczeń społecznych / _cZbigniew Salwa. |
| 250 | _aWyd. 3 zm. | ||
| 260 |
_aWarszawa : _bWydawnictwa Prawnicze PWN, _c1998. |
||
| 300 |
_a386, [2] s. ; _c24 cm. |
||
| 504 | _aBibliogr. s. 384-386. | ||
| 650 | 9 |
_aPrawo pracy _zPolska _ystan na 1997 r. |
|
| 650 | 9 |
_aUbezpieczenia społeczne _xprawo _zPolska _ystan na 1997 r. |
|
| 655 | _aPodręczniki akademickie | ||
| 020 | _a8387558133 | ||
| 040 | _cBPK | ||
| 041 | 0 | _apl | |
| 080 | _a349.2:349.3:369](438)(075.8) | ||
| 920 | _a83-87558-13-3 | ||
| 942 | _cKS | ||
| 008 | s pl f |000 0 pol | ||
| 999 |
_c33862 _d33862 |
||
| 856 |
_uhttp://koha.tu.koszalin.pl/cgi-bin/koha/opac-detail.pl?biblionumber=33862 _yKatalog online BPK |
||